[Event "CAN-ch"]
[Site "Toronto CAN"]
[Date "2023.04.07"]
[Round "2"]
[White "Mendes, Aaron Reeve"]
[Black "Chen, Richard1"]
[Result "1-0"]
[WhiteElo "2043"]
[BlackElo "1834"]
[PlyCount "61"]
[GameId "2160767907233065"]
[EventDate "2023.04.06"]
[EventType "swiss"]
[EventRounds "9"]
[EventCountry "CAN"]
[SourceTitle "CBM 213 Extra"]
[Source "ChessBase"]
[SourceDate "2023.05.31"]
[SourceVersion "1"]
[SourceVersionDate "2023.05.31"]
[SourceQuality "1"]

1. e4 e5 2. Nf3 Nc6 3. d4 exd4 4. Nxd4 Bc5 5. Nb3 Bb6 6. Nc3 Nf6 7. Qe2 O-O 8. Be3 Re8 9. f3 d6 10. O-O-O Be6 11. g4 Ne5 12. h3 Nc4 13. Bxb6 axb6 14. Kb1 Qe7 15. f4 Na5 16. Bg2 Bc4 17. Qf3 b5 18. Rhe1 b4 19. e5 bxc3 20. Qxc3 Bxb3 21. axb3 Nd7 22. exd6 Qf8 23. dxc7 Rxe1 24. Qxe1 Nb6 25. Qe3 Nac4 26. bxc4 Nxc4 27. Qd4 Nxb2 28. Qxb2 Rc8 29. Qxb7 Qe8 30. Qxc8 Qxc8 31. Rd8+ 1-0

[Event "CAN-ch"]
[Site "Toronto CAN"]
[Date "2023.04.07"]
[Round "3.9"]
[White "Oancea, Nicolae"]
[Black "Mendes, Aaron Reeve"]
[Result "1/2-1/2"]
[WhiteElo "1991"]
[BlackElo "2231"]
[PlyCount "129"]
[GameId "2160767907233087"]
[EventDate "2023.04.06"]
[EventType "swiss"]
[EventRounds "9"]
[EventCountry "CAN"]

1. e4 c5 2. Nf3 d6 3. Bb5+ Bd7 4. Bxd7+ Qxd7 5. O-O Nf6 6. Re1 e6 7. c3 Be7 8. d4 cxd4 9. cxd4 d5 10. e5 Ne4 11. Nbd2 Nxd2 12. Bxd2 Nc6 13. a3 O-O 14. Rc1 Rfc8 15. Rc3 Bd8 16. b4 Ne7 17. Ree3 Nf5 18. Red3 Rc4 19. Bc1 Rac8 20. Bb2 Bb6 21. g4 Ne7 22. Nd2 Rxc3 23. Rxc3 Rxc3 24. Bxc3 Qc6 25. Bb2 a5 26. Qb3 Qb5 27. bxa5 Qxa5 28. Bc3 Qa7 29. Nf3 Nc6 30. Qb2 h6 31. Kg2 Qa6 32. Bd2 Ba7 33. Be3 Na5 34. g5 hxg5 35. Nxg5 f6 36. Nf3 Nc4 37. Qb4 Kf7 38. exf6 Nxe3+ 39. fxe3 Qe2+ 40. Kg3 Bb8+ 41. Ne5+ Bxe5+ 42. dxe5 Qxe3+ 43. Kg2 Qe2+ 44. Kg1 gxf6 45. Qxb7+ Kg6 46. exf6 Kxf6 47. Qb4 Ke5 48. Qb8+ Ke4 49. Qb1+ Kf3 50. Qf1+ Ke3 51. Qc1+ Kd3 52. Qb1+ Qc2 53. Qf1+ Qe2 54. Qb1+ Kc3 55. Qb4+ Kc2 56. Qa4+ Kb2 57. Qb4+ Ka2 58. a4 Qe3+ 59. Kg2 d4 60. a5 Qe4+ 61. Kg3 Qd3+ 62. Kg2 Qc2+ 63. Kg3 d3 64. a6 Qc7+ 65. Kh3 1/2-1/2

[Event "CAN-ch"]
[Site "Toronto CAN"]
[Date "2023.04.08"]
[Round "4.8"]
[White "Mendes, Aaron Reeve"]
[Black "Yang, Jingyun (Ryan)"]
[Result "1-0"]
[WhiteElo "2231"]
[BlackElo "2196"]
[PlyCount "83"]
[GameId "2160767907241291"]
[EventDate "2023.04.06"]
[EventType "swiss"]
[EventRounds "9"]
[EventCountry "CAN"]

1. e4 Nf6 2. e5 Nd5 3. Nf3 d6 4. exd6 cxd6 5. d4 g6 6. c3 Bg7 7. Bd3 O-O 8. O-O Nc6 9. Re1 Qc7 10. h3 Nb6 11. d5 Ne5 12. Nxe5 dxe5 13. Qb3 e6 14. c4 e4 15. Bf1 exd5 16. cxd5 Qc5 17. Be3 Qd6 18. Nc3 Bd7 19. Bxb6 Qxb6 20. Qxb6 axb6 21. Rxe4 Ra5 22. Re7 Bxc3 23. Rxd7 Bxb2 24. Rd1 Rxa2 25. Rxb7 Ba3 26. Ra7 b5 27. d6 b4 28. Bc4 Rc2 29. Rxf7 Bc1 30. Rc7+ Kh8 31. Bf7 Rc3 32. Rxc3 bxc3 33. Rxc1 Rxf7 34. Rxc3 Kg7 35. Rc7 Kf6 36. d7 Rxd7 37. Rxd7 h5 38. Kh2 Kg5 39. Kg3 h4+ 40. Kf3 Kh6 41. Kg4 g5 42. Rd6+ 1-0

[Event "CAN-ch"]
[Site "Toronto CAN"]
[Date "2023.04.08"]
[Round "5.2"]
[White "Sambuev, Bator"]
[Black "Mendes, Aaron Reeve"]
[Result "1-0"]
[WhiteElo "2514"]
[BlackElo "2231"]
[PlyCount "95"]
[GameId "2160767907241298"]
[EventDate "2023.04.06"]
[EventType "swiss"]
[EventRounds "9"]
[EventCountry "CAN"]

1. e4 c5 2. Ne2 Nc6 3. d4 cxd4 4. Nxd4 Nf6 5. Nc3 d6 6. Bg5 e6 7. Bb5 Bd7 8. Bxc6 Bxc6 9. Nxc6 bxc6 10. Qf3 Be7 11. e5 Nd5 12. Bxe7 Qxe7 13. Qg3 O-O 14. exd6 Qb7 15. O-O-O Rab8 16. b3 Rfd8 17. Rd4 Qb6 18. Rhd1 Qc5 19. Kb2 Rb4 20. Rxb4 Qxb4 21. Na4 Qe4 22. a3 Qe2 23. Rd3 Qh5 24. Nc5 Nb6 25. Ne4 Qf5 26. f3 h6 27. Rc3 Qb5 28. Ka2 f5 29. Nc5 Qe2 30. Nd3 Rc8 31. Qe5 Qxe5 32. Nxe5 c5 33. d7 Rd8 34. Rd3 Kf8 35. c4 a5 36. Rd6 Na8 37. Nc6 Rxd7 38. Rxd7 g5 39. Rb7 h5 40. b4 a4 41. bxc5 Kg8 42. Nd4 Kh8 43. Nxe6 Kg8 44. c6 Kh8 45. c7 Kh7 46. c8=Q+ Kh6 47. Qh8+ Kg6 48. Qg7# 1-0

[Event "CAN-ch"]
[Site "Toronto CAN"]
[Date "2023.04.09"]
[Round "6.8"]
[White "Mendes, Aaron Reeve"]
[Black "Song, Ethan"]
[Result "0-1"]
[WhiteElo "2231"]
[BlackElo "2088"]
[PlyCount "108"]
[GameId "2160767907241317"]
[EventDate "2023.04.06"]
[EventType "swiss"]
[EventRounds "9"]
[EventCountry "CAN"]

1. e4 e5 2. Nf3 Nc6 3. d4 exd4 4. Nxd4 Nf6 5. Nxc6 bxc6 6. Nd2 Bc5 7. Be2 Qe7 8. O-O O-O 9. Bf3 d6 10. Re1 Nd7 11. Nb3 Bb6 12. a4 a5 13. Be3 Ne5 14. Bxb6 cxb6 15. Be2 c5 16. c4 Bb7 17. Bf1 Qe6 18. f4 Nc6 19. Qd2 Rad8 20. Re3 Nb4 21. Qe2 Bc6 22. g3 Qd7 23. Qd1 Bxa4 24. Nxc5 dxc5 25. Qxa4 Qd4 26. Rae1 Qxb2 27. e5 Rd2 28. R1e2 Rxe2 29. Rxe2 Qd4+ 30. Rf2 h6 31. Qb5 Rb8 32. Kg2 Nc2 33. Qb3 Ne3+ 34. Kf3 Nxf1 35. Rxf1 Qd7 36. Ra1 Qc6+ 37. Kg4 Rd8 38. Ra2 Rd4 39. Rb2 Qd7+ 40. e6 Qxe6+ 41. Kf3 Qe4+ 42. Kf2 Rd3 43. Qc2 Qf3+ 44. Kg1 Rd1+ 45. Qxd1 Qxd1+ 46. Kg2 a4 47. Rxb6 a3 48. Ra6 Qc2+ 49. Kh3 a2 50. g4 Qb1 51. Kh4 a1=Q 52. h3 Qe1+ 53. Kh5 g6+ 54. Kxh6 Qh4# 0-1

[Event "CAN-ch"]
[Site "Toronto CAN"]
[Date "2023.04.10"]
[Round "7.21"]
[White "Clyde, Jordan"]
[Black "Mendes, Aaron Reeve"]
[Result "1/2-1/2"]
[WhiteElo "2247"]
[BlackElo "2231"]
[PlyCount "130"]
[GameId "2160767907241331"]
[EventDate "2023.04.06"]
[EventType "swiss"]
[EventRounds "9"]
[EventCountry "CAN"]

1. e4 c5 2. b3 Nc6 3. Nf3 Nf6 4. Nc3 e5 5. Bb5 Bd6 6. Bxc6 dxc6 7. d3 h6 8. O-O O-O 9. Nh4 Bg4 10. Qe1 Bc7 11. Bd2 b6 12. f3 Be6 13. g4 Kh7 14. Kh1 g6 15. Qg3 Rg8 16. Qh3 g5 17. Nf5 Bxf5 18. gxf5 Nd7 19. Rg1 f6 20. Rg3 Qe7 21. Rag1 Qf7 22. Qg4 Rh8 23. Rh3 Kg7 24. Rh5 Rh7 25. Ne2 Kf8 26. Qh3 Ke7 27. Rxh6 Rah8 28. Rxh7 Rxh7 29. Qg3 Bd6 30. Nc3 Rh4 31. Nd1 b5 32. Ne3 a6 33. c4 Rh8 34. Qf2 Rh3 35. Rg3 Rh5 36. Qg2 Qh7 37. Ng4 Kf7 38. Nf2 b4 39. Rh3 Rxh3 40. Qxh3 Qxh3 41. Nxh3 a5 42. Nf2 Nb6 43. Kg2 a4 44. Kg3 axb3 45. axb3 Bc7 46. Kg4 Nc8 47. Kh5 Nd6 48. d4 exd4 49. Nd3 Nb7 50. h4 gxh4 51. Kxh4 Bd6 52. Kg4 Na5 53. Nc1 Kg7 54. Bf4 Bxf4 55. Kxf4 Kf7 56. e5 fxe5+ 57. Kxe5 d3 58. Nxd3 Nxb3 59. f4 Nd2 60. Kd6 Nxc4+ 61. Kxc5 Ne3 62. Kxb4 Kf6 63. Kc5 Kxf5 64. Kxc6 Ke4 65. f5 Nxf5 1/2-1/2

[Event "CAN-ch"]
[Site "Toronto CAN"]
[Date "2023.04.10"]
[Round "8.23"]
[White "Mendes, Aaron Reeve"]
[Black "Ning, Eric"]
[Result "0-1"]
[WhiteElo "2231"]
[BlackElo "2182"]
[PlyCount "92"]
[GameId "2160767907241345"]
[EventDate "2023.04.06"]
[EventType "swiss"]
[EventRounds "9"]
[EventCountry "CAN"]

1. e4 c5 2. Nf3 Nc6 3. Bb5 g6 4. O-O Bg7 5. c3 e5 6. d3 Nge7 7. Be3 d6 8. d4 exd4 9. cxd4 Qb6 10. Nc3 O-O 11. Bxc6 Nxc6 12. Na4 Qc7 13. h3 b6 14. Rc1 Ba6 15. Re1 Nb4 16. dxc5 dxc5 17. Nxc5 bxc5 18. Bxc5 Qb7 19. Bxf8 Rxf8 20. Qd6 Nd3 21. Rc7 Qxb2 22. Rd1 Qxf2+ 23. Kh1 Qe2 24. Rb1 Bh6 25. Rxa7 Bc8 26. Qg3 Bf4 27. Qh4 Nf2+ 28. Kg1 Nxh3+ 29. Kh1 g5 30. Nxg5 Bxg5 31. Qg3 Nf2+ 32. Kh2 Qh5+ 33. Kg1 Nxe4 34. Qd3 Bf5 35. Ra5 Bg6 36. Rab5 Qh4 37. R1b4 Qf2+ 38. Kh1 Ng3+ 39. Qxg3 Qxg3 40. Rb3 Qe1+ 41. Kh2 Ra8 42. Rxg5 Qh4+ 43. Rh3 Qxg5 44. a4 Qf4+ 45. Kh1 Rb8 46. Rh2 Qf1# 0-1

[Event "CAN-ch"]
[Site "Toronto CAN"]
[Date "2023.04.11"]
[Round "9.23"]
[White "Mendes, Aaron Reeve"]
[Black "Yang, Lefan"]
[Result "1/2-1/2"]
[WhiteElo "2231"]
[BlackElo "2180"]
[PlyCount "75"]
[GameId "2160767907241356"]
[EventDate "2023.04.06"]
[EventType "swiss"]
[EventRounds "9"]
[EventCountry "CAN"]

1. e4 c5 2. Nf3 Nc6 3. Bb5 e5 4. O-O Bd6 5. Re1 a6 6. Bf1 Nge7 7. c3 O-O 8. d4 cxd4 9. cxd4 Nxd4 10. Nxd4 exd4 11. Qxd4 Qc7 12. h3 Nc6 13. Qd1 b5 14. Nc3 Ne7 15. Bg5 Re8 16. Rc1 Qb8 17. Bxe7 Bxe7 18. Nd5 Bd8 19. e5 Bb7 20. Qd4 Qa7 21. Qd2 Bxd5 22. Qxd5 Bb6 23. Re2 Rad8 24. Rcc2 g6 25. Kh1 d6 26. exd6 Rxe2 27. Rxe2 Qd7 28. Rd2 Ba5 29. Rd4 Bb6 30. Rd2 Ba5 31. Re2 Qxd6 32. Re8+ Kg7 33. Rxd8 Qxd8 34. Qxd8 Bxd8 35. a4 bxa4 36. Bxa6 Bb6 37. Bb5 Bxf2 38. Bxa4 1/2-1/2

[Event "Excelsior March op"]
[Site "Toronto CAN"]
[Date "2023.03.10"]
[Round "1.11"]
[White "Zhong, Ryan Yunhui"]
[Black "Mendes, Aaron Reeve"]
[Result "1-0"]
[WhiteElo "1636"]
[BlackElo "2067"]
[PlyCount "61"]
[GameId "2160767907254250"]
[EventDate "2023.03.19"]
[EventType "swiss"]
[EventRounds "5"]
[EventCountry "CAN"]

1. e4 c5 2. Nf3 d6 3. Bb5+ Bd7 4. Bxd7+ Qxd7 5. O-O Nf6 6. Re1 e6 7. c3 Be7 8. d4 cxd4 9. cxd4 d5 10. e5 Ne4 11. Nbd2 Nxd2 12. Bxd2 Nc6 13. Rc1 Rc8 14. Rc3 O-O 15. a3 Nb8 16. Rd3 Qb5 17. Rb3 Qa6 18. Ng5 h6 19. Nh3 Kh7 20. Rg3 Rg8 21. Qh5 Rcf8 22. Bg5 Qa5 23. b4 Qd8 24. Rg4 Rh8 25. Re3 Qc7 26. g3 g6 27. Bf6 Bxf6 28. exf6 Qc1+ 29. Kg2 Qc2 30. Qxh6+ Kxh6 31. Rh4# 1-0

[Event "Excelsior March op"]
[Site "Toronto CAN"]
[Date "2023.03.11"]
[Round "2.19"]
[White "Mendes, Aaron Reeve"]
[Black "Marchand, Calix"]
[Result "1-0"]
[WhiteElo "2067"]
[BlackElo "1708"]
[PlyCount "75"]
[GameId "2160767907250193"]
[EventDate "2023.03.19"]
[EventType "swiss"]
[EventRounds "5"]
[EventCountry "CAN"]

1. e4 c5 2. Nf3 e6 3. b3 d5 4. exd5 exd5 5. Bb5+ Nc6 6. O-O Be7 7. Re1 Nf6 8. Qe2 h6 9. Ne5 Bd7 10. Bxc6 Bxc6 11. Nxc6 bxc6 12. Ba3 Kd7 13. Nc3 Re8 14. Na4 Qa5 15. Bb2 Bd6 16. Qd3 Qb4 17. Qf5+ Kc7 18. Bxf6 gxf6 19. Qxf6 Qf4 20. Qxf4 Bxf4 21. d3 Kd6 22. g3 Bg5 23. Kf1 Re6 24. f4 Bf6 25. Rxe6+ fxe6 26. Re1 e5 27. fxe5+ Bxe5 28. Kg2 Re8 29. c3 Rg8 30. Rf1 h5 31. Kh3 h4 32. gxh4 Re8 33. Rf7 Bh8 34. Rh7 Re3+ 35. Kg4 Be5 36. Rh6+ Kc7 37. Re6 Re1 38. Kf5 1-0

[Event "Excelsior March op"]
[Site "Toronto CAN"]
[Date "2023.03.11"]
[Round "3.13"]
[White "Faizy, Mohammed"]
[Black "Mendes, Aaron Reeve"]
[Result "0-1"]
[WhiteElo "1589"]
[BlackElo "2067"]
[PlyCount "88"]
[GameId "2160767907250231"]
[EventDate "2023.03.19"]
[EventType "swiss"]
[EventRounds "5"]
[EventCountry "CAN"]

1. e4 c5 2. Nf3 d6 3. d4 cxd4 4. Nxd4 Nf6 5. Nc3 a6 6. Bg5 e6 7. f4 Be7 8. Qf3 Qc7 9. O-O-O Nbd7 10. g4 h6 11. Bxf6 Bxf6 12. h4 Bxd4 13. Rxd4 b5 14. Bg2 Bb7 15. Rhd1 Nc5 16. Qe2 Rb8 17. a3 Rd8 18. Kb1 Bc6 19. f5 e5 20. Nd5 Qb8 21. R4d2 Bxd5 22. Rxd5 b4 23. axb4 Qxb4 24. Qd2 Qxd2 25. R1xd2 Ke7 26. Ka2 a5 27. b3 Rd7 28. Ka3 Rb8 29. Re2 Rb4 30. Bf3 Rdb7 31. Re3 a4 32. Rdd3 Nxd3 33. Rxd3 axb3 34. Rxb3 Rxb3+ 35. cxb3 Kd7 36. Kb2 Kc6 37. h5 Kb5 38. Be2+ Kb4 39. Bc4 Rc7 40. Bd5 f6 41. Be6 Rc3 42. Bg8 Rg3 43. Bf7 Rxg4 44. Bd5 Rh4 0-1

[Event "Excelsior March op"]
[Site "Toronto CAN"]
[Date "2023.03.12"]
[Round "4.13"]
[White "Mendes, Aaron Reeve"]
[Black "Xu, Philip"]
[Result "1-0"]
[WhiteElo "2067"]
[BlackElo "1485"]
[PlyCount "53"]
[GameId "2160767907250275"]
[EventDate "2023.03.19"]
[EventType "swiss"]
[EventRounds "5"]
[EventCountry "CAN"]

1. e4 c6 2. c4 d5 3. cxd5 cxd5 4. exd5 Nf6 5. Nc3 Nxd5 6. Nf3 Nc6 7. Bb5 Nxc3 8. bxc3 Bd7 9. O-O Qc7 10. h3 e6 11. d4 Be7 12. Qd3 h6 13. Ba4 O-O 14. Bc2 f5 15. Re1 Bf6 16. Bb3 Rae8 17. Ba3 Rf7 18. d5 Nd8 19. Nd4 Qb6 20. dxe6 Nxe6 21. Nxe6 Bxe6 22. Rxe6 Rxe6 23. Qc4 Kh8 24. Qxe6 Qxe6 25. Bxe6 Rc7 26. Bxf5 Rxc3 27. Re1 1-0

[Event "Excelsior March Rapid"]
[Site "Toronto CAN"]
[Date "2023.03.18"]
[Round "4.7"]
[White "Mendes, Aaron Reeve"]
[Black "Reprintsev, Alexander"]
[Result "1/2-1/2"]
[WhiteElo "2202"]
[BlackElo "2373"]
[PlyCount "85"]
[GameId "2160767907250373"]
[EventDate "2023.03.18"]
[EventType "swiss (rapid)"]
[EventRounds "5"]
[EventCountry "CAN"]

1. e4 e5 2. Nf3 Nc6 3. d4 exd4 4. Nxd4 Bc5 5. Nb3 Bb4+ 6. c3 Be7 7. c4 Nf6 8. Nc3 O-O 9. a3 a5 10. Be3 Re8 11. f3 b6 12. Qd2 Ba6 13. Nd5 a4 14. Nd4 Nxd5 15. cxd5 Nxd4 16. Bxd4 Bxf1 17. Kxf1 c5 18. Bc3 Bf6 19. g3 d6 20. Kg2 Bxc3 21. Qxc3 f5 22. Rhe1 fxe4 23. fxe4 Qg5 24. Qc4 b5 25. Qxb5 Rab8 26. Qe2 Qe5 27. Rab1 Rb3 28. Qc2 Reb8 29. Re2 h5 30. Qc1 h4 31. gxh4 Qh5 32. Qe1 c4 33. Rc2 Qf3+ 34. Kg1 c3 35. Rbc1 cxb2 36. Rb1 Qf6 37. Qf2 Qe5 38. Qf5 Qd4+ 39. Kg2 Rf8 40. Rc8 Qd2+ 41. Kh1 Rxc8 42. Qxc8+ Kh7 43. Qf5+ 1/2-1/2

[Event "Excelsior IM Norm qual."]
[Site "Toronto CAN"]
[Date "2023.03.13"]
[Round "1.1"]
[White "Heran-Boily, Samuel"]
[Black "Mendes, Aaron Reeve"]
[Result "0-1"]
[WhiteElo "1877"]
[BlackElo "2067"]
[PlyCount "74"]
[GameId "2160767907250432"]
[EventDate "2023.03.13"]
[EventType "tourn"]
[EventRounds "7"]
[EventCountry "CAN"]

1. e4 c5 2. Nf3 d6 3. d4 cxd4 4. Nxd4 Nf6 5. Nc3 a6 6. Be3 e5 7. Nb3 Be6 8. f3 Be7 9. Qd2 h5 10. O-O-O Nbd7 11. Rg1 Rc8 12. Kb1 b5 13. h3 h4 14. g4 hxg3 15. Rxg3 g6 16. Nd5 Bxd5 17. exd5 Nb6 18. Bxb6 Qxb6 19. Bd3 Nh5 20. Rg4 Nf4 21. Rxf4 Bg5 22. Rh4 Bxh4 23. f4 Bf6 24. Qg2 a5 25. Nd2 exf4 26. Bxg6 fxg6 27. Qxg6+ Ke7 28. Ne4 Be5 29. Ng5 Rcf8 30. Re1 Qd4 31. Qg7+ Ke8 32. Qg6+ Kd7 33. c3 Qxd5 34. Kc2 Qg2+ 35. Kb3 Rhg8 36. Qe6+ Kc6 37. Nf7 Qd5+ 0-1

[Event "Excelsior IM Norm qual."]
[Site "Toronto CAN"]
[Date "2023.03.13"]
[Round "2.1"]
[White "Mendes, Aaron Reeve"]
[Black "Kim, Noah"]
[Result "1/2-1/2"]
[WhiteElo "2067"]
[BlackElo "1748"]
[PlyCount "98"]
[GameId "2160767907250436"]
[EventDate "2023.03.13"]
[EventType "tourn"]
[EventRounds "7"]
[EventCountry "CAN"]

1. e4 c6 2. c4 d5 3. cxd5 cxd5 4. exd5 Nf6 5. Nc3 Nxd5 6. Nf3 g6 7. d4 Bg7 8. Bb5+ Bd7 9. Qb3 Nxc3 10. bxc3 O-O 11. O-O Nc6 12. Re1 Na5 13. Qa4 Bxb5 14. Qxb5 a6 15. Qe2 e6 16. Ne5 Rc8 17. Ba3 Re8 18. Qf3 Rc7 19. Bb4 Nc6 20. Nxc6 Rxc6 21. Rad1 Qc8 22. Re3 Bf8 23. h3 Bxb4 24. cxb4 Rd8 25. a3 Rd5 26. Rd2 Rc4 27. Red3 Qd8 28. Rc3 Rxc3 29. Qxc3 e5 30. Qf3 exd4 31. Rd3 Qd6 32. g3 Kg7 33. Kg2 Qe5 34. h4 h5 35. Qd1 b6 36. Qf3 a5 37. bxa5 bxa5 38. Qd1 Rd6 39. Kg1 Qe4 40. Kh2 Rf6 41. Kg1 Rd6 42. Kh2 a4 43. Kg1 Rd5 44. Kh2 Qf5 45. Kg2 Qe4+ 46. Kg1 g5 47. Qd2 g4 48. Qd1 Rd6 49. Kh2 Rf6 1/2-1/2

[Event "Excelsior IM Norm qual."]
[Site "Toronto CAN"]
[Date "2023.03.14"]
[Round "3.2"]
[White "Zhu, Matthew"]
[Black "Mendes, Aaron Reeve"]
[Result "0-1"]
[WhiteElo "1773"]
[BlackElo "2057"]
[PlyCount "68"]
[GameId "2160767907250441"]
[EventDate "2023.03.13"]
[EventType "tourn"]
[EventRounds "7"]
[EventCountry "CAN"]

1. e4 c5 2. Nf3 d6 3. Bb5+ Bd7 4. Bxd7+ Qxd7 5. c4 e5 6. Nc3 Ne7 7. d3 Nbc6 8. a3 g6 9. Bg5 Bg7 10. Rb1 f6 11. Be3 Nd4 12. Bxd4 cxd4 13. Nd5 Nxd5 14. exd5 O-O 15. O-O h6 16. b4 f5 17. Re1 Kh7 18. Qb3 Rae8 19. Nd2 b6 20. Rbc1 Qf7 21. Qa2 a6 22. c5 dxc5 23. bxc5 bxc5 24. Rxc5 e4 25. Nf1 exd3 26. Rd1 Re2 27. Qb3 Rc2 28. Ra5 Rc3 29. Qb6 Qe8 30. Rxa6 Rf6 31. Qb7 Rxa6 32. Qxa6 Qe2 33. d6 Qxd1 34. h3 Qxf1+ 0-1

[Event "Excelsior IM Norm qual."]
[Site "Toronto CAN"]
[Date "2023.03.14"]
[Round "4.3"]
[White "Mendes, Aaron Reeve"]
[Black "Huh, Isaak"]
[Result "1-0"]
[WhiteElo "2057"]
[BlackElo "1801"]
[PlyCount "77"]
[GameId "2160767907250446"]
[EventDate "2023.03.13"]
[EventType "tourn"]
[EventRounds "7"]
[EventCountry "CAN"]

1. e4 e5 2. Nf3 Nc6 3. d4 exd4 4. Nxd4 Bc5 5. Nb3 Bb6 6. Nc3 Nge7 7. Qe2 O-O 8. Be3 f5 9. O-O-O Bxe3+ 10. Qxe3 f4 11. Qd2 d6 12. f3 Ne5 13. Nd5 Nxd5 14. exd5 Bd7 15. Nd4 Qf6 16. Bb5 Bxb5 17. Nxb5 Qf7 18. Nc3 a5 19. Rhe1 a4 20. Re4 a3 21. b3 Ra6 22. Ne2 Ng6 23. Kb1 b6 24. Re1 Ra5 25. c4 Raa8 26. Nd4 Qf6 27. Ne6 Rf7 28. Qd4 Qh4 29. h3 Re8 30. R1e2 Ree7 31. Kc2 Qg3 32. b4 Re8 33. Qf2 Qh2 34. Ng5 Rxe4 35. Nxe4 Ne5 36. Kc3 Qh1 37. Re1 Qh2 38. Rg1 Nxf3 39. gxf3 1-0

[Event "Excelsior IM Norm qual."]
[Site "Toronto CAN"]
[Date "2023.03.15"]
[Round "5.4"]
[White "Clyde, Jordan"]
[Black "Mendes, Aaron Reeve"]
[Result "1/2-1/2"]
[WhiteElo "2114"]
[BlackElo "2057"]
[PlyCount "104"]
[GameId "2160767907250451"]
[EventDate "2023.03.13"]
[EventType "tourn"]
[EventRounds "7"]
[EventCountry "CAN"]

1. e4 c5 2. Nc3 d6 3. Bb5+ Bd7 4. Bxd7+ Qxd7 5. a4 Nf6 6. Nf3 Nc6 7. O-O g6 8. Re1 Bg7 9. d3 O-O 10. h3 b6 11. Be3 d5 12. e5 Ne8 13. d4 cxd4 14. Bxd4 Nc7 15. e6 fxe6 16. Bxg7 Kxg7 17. Nb5 Rf6 18. Ng5 Nxb5 19. axb5 Nd8 20. Qd4 Qd6 21. c4 Qf4 22. Qxf4 Rxf4 23. Nxe6+ Nxe6 24. Rxe6 dxc4 25. Rxe7+ Rf7 26. Rxf7+ Kxf7 27. Ra4 Ke6 28. Rxc4 Kd6 29. f4 Rf8 30. g4 Rf7 31. Kf2 Kd5 32. b3 Re7 33. Kf3 Re1 34. Rc7 Rb1 35. Rd7+ Ke6 36. Rxh7 Rxb3+ 37. Kg2 Rxb5 38. Rxa7 Rb3 39. g5 b5 40. Rg7 Kf5 41. Rf7+ Ke4 42. h4 b4 43. Rf6 Rc3 44. Rxg6 Kxf4 45. Rb6 Kg4 46. Rxb4+ Kh5 47. Rf4 Ra3 48. Rf3 Ra4 49. Rg3 Kxh4 50. Kh2 Ra2+ 51. Rg2 Rxg2+ 52. Kxg2 Kxg5 1/2-1/2

[Event "Excelsior IM Norm qual."]
[Site "Toronto CAN"]
[Date "2023.03.15"]
[Round "6.4"]
[White "Mendes, Aaron Reeve"]
[Black "Marchand, Calix"]
[Result "1-0"]
[WhiteElo "2057"]
[BlackElo "1708"]
[PlyCount "157"]
[GameId "2160767907250455"]
[EventDate "2023.03.13"]
[EventType "tourn"]
[EventRounds "7"]
[EventCountry "CAN"]

1. e4 c5 2. Nf3 e6 3. b3 b6 4. Bb2 Bb7 5. Nc3 Nc6 6. d4 cxd4 7. Nxd4 Nf6 8. Nxc6 Bxc6 9. f3 d5 10. exd5 exd5 11. Bd3 d4 12. Qe2+ Be7 13. Ne4 O-O 14. O-O-O Re8 15. Nxf6+ Bxf6 16. Qf2 Qd6 17. Rhe1 Qxh2 18. Rh1 Qf4+ 19. Kb1 g6 20. Bc1 Qd6 21. g4 Qf8 22. g5 Be5 23. Rh4 h5 24. gxh6 f5 25. Rxd4 Bxd4 26. h7+ Kh8 27. Qxd4+ Qg7 28. Bb2 Qxd4 29. Bxd4+ Kxh7 30. Rh1+ Kg8 31. Bc4+ Kf8 32. Bf6 Re1+ 33. Rxe1 b5 34. Bd3 Bxf3 35. Bxb5 Kf7 36. Bg5 Be4 37. Bc4+ Kg7 38. Bd3 Bxd3 39. cxd3 Rf8 40. d4 f4 41. Rf1 f3 42. Kc2 Rf5 43. Be3 g5 44. Kd3 g4 45. Rg1 f2 46. Rxg4+ Kf6 47. Bxf2 Rxf2 48. a4 Ke6 49. Rg6+ Kd5 50. Rg5+ Kc6 51. Kc4 Rc2+ 52. Kb4 Rd2 53. d5+ Kc7 54. Kb5 Rd4 55. b4 a6+ 56. Kc5 Rd1 57. Rg7+ Kc8 58. d6 Rc1+ 59. Kb6 Ra1 60. a5 Rb1 61. Rg4 Rd1 62. Kxa6 Rxd6+ 63. Kb5 Kb7 64. a6+ Ka7 65. Rg7+ Kb8 66. Ka5 Rf6 67. b5 Rf5 68. Rg6 Ka7 69. Rc6 Rg5 70. Rc7+ Kb8 71. Rd7 Kc8 72. a7 Kxd7 73. a8=Q Rxb5+ 74. Kxb5 Ke6 75. Qe4+ Kd6 76. Kb6 Kd7 77. Qe5 Kd8 78. Kc6 Kc8 79. Qe8# 1-0

[Event "Excelsior IM Norm qual."]
[Site "Toronto CAN"]
[Date "2023.03.16"]
[Round "7.3"]
[White "Zhong, Ryan Yunhui"]
[Black "Mendes, Aaron Reeve"]
[Result "0-1"]
[WhiteElo "1636"]
[BlackElo "2057"]
[PlyCount "124"]
[GameId "2160767907250458"]
[EventDate "2023.03.13"]
[EventType "tourn"]
[EventRounds "7"]
[EventCountry "CAN"]

1. e4 c5 2. Nf3 d6 3. Bb5+ Bd7 4. Bxd7+ Qxd7 5. O-O Nf6 6. Re1 Nc6 7. c3 e6 8. d4 cxd4 9. cxd4 d5 10. e5 Ne4 11. Nbd2 Nxd2 12. Bxd2 Be7 13. Rc1 O-O 14. Rc3 Rfc8 15. a3 Bd8 16. Rd3 Ne7 17. Ng5 h6 18. Nh3 Qb5 19. Rb3 Qc4 20. Rb4 Qc2 21. Rxb7 Qxd1 22. Rxd1 Nc6 23. Bc3 Bb6 24. f4 Nd8 25. Rd7 Rc4 26. f5 Nc6 27. fxe6 fxe6 28. Nf4 Nxd4 29. Bxd4 Rxd4 30. Rxd4 Bxd4+ 31. Kh1 Bxe5 32. Nxe6 Re8 33. Nc5 Bd4 34. Nd3 Re3 35. Rxd5 Rxd3 36. Rd8+ Kf7 37. g3 Rd2 38. b4 Be3 39. Rb8 Ra2 40. Rb7+ Kf6 41. Rc7 Rxa3 42. Kg2 Bb6 43. Rc6+ Ke5 44. Rg6 Ra2+ 45. Kh3 Bg1 46. Rxg7 Rxh2+ 47. Kg4 Bb6 48. Rd7 Ke4 49. Re7+ Kd5 50. Kf5 Rf2+ 51. Kg4 Rb2 52. Rd7+ Kc6 53. Rh7 Rxb4+ 54. Kf5 Be3 55. Re7 Rb3 56. Re6+ Kb5 57. Re8 a5 58. Ke4 a4 59. Rb8+ Bb6 60. Rh8 a3 61. Ra8 Ba5 62. Rb8+ Ka4 0-1

[Event "Excelsior February Rapid"]
[Site "Toronto CAN"]
[Date "2023.02.11"]
[Round "4.4"]
[White "Singh Dhaliwal, Jaipreet"]
[Black "Mendes, Aaron Reeve"]
[Result "0-1"]
[WhiteElo "1611"]
[BlackElo "2282"]
[PlyCount "100"]
[GameId "2160767907251011"]
[EventDate "2023.02.11"]
[EventType "swiss (rapid)"]
[EventRounds "5"]
[EventCountry "CAN"]

1. e4 c5 2. Nf3 d6 3. d4 cxd4 4. Nxd4 Nf6 5. Nc3 a6 6. Be3 e5 7. Nb3 Be7 8. f3 h5 9. Nd5 Nxd5 10. exd5 Bh4+ 11. g3 Be7 12. Qd2 Bf5 13. O-O-O Nd7 14. Kb1 Qc7 15. Bd3 Bxd3 16. Qxd3 b5 17. Rc1 O-O 18. h4 a5 19. g4 a4 20. Nd2 a3 21. b3 hxg4 22. fxg4 e4 23. Nxe4 Ne5 24. Qe2 Nxg4 25. Qxg4 f5 26. Qg6 fxe4 27. Qe6+ Kh8 28. c3 Rae8 29. Qg4 Qc8 30. Qxc8 Rxc8 31. Bd4 Bf6 32. Bxf6 gxf6 33. c4 bxc4 34. Rxc4 Rxc4 35. bxc4 Rb8+ 36. Kc2 Rb2+ 37. Kc3 Rxa2 38. Kb3 Rf2 39. Kxa3 f5 40. Kb4 f4 41. c5 dxc5+ 42. Kxc5 Rd2 43. Kc4 e3 44. Re1 Kg7 45. Kc5 e2 46. d6 f3 47. Rg1+ Kh6 48. Kc6 f2 49. Rg8 e1=Q 50. d7 f1=Q 0-1

[Event "Excelsior February Rapid"]
[Site "Toronto CAN"]
[Date "2023.02.11"]
[Round "5.2"]
[White "Mendes, Aaron Reeve"]
[Black "Jaferian, Koosha"]
[Result "1-0"]
[WhiteElo "2282"]
[BlackElo "2320"]
[PlyCount "95"]
[GameId "2160767907251017"]
[EventDate "2023.02.11"]
[EventType "swiss (rapid)"]
[EventRounds "5"]
[EventCountry "CAN"]

1. e4 c6 2. c4 d5 3. cxd5 cxd5 4. exd5 Nf6 5. Nc3 Nxd5 6. Nf3 Nc6 7. Bb5 g6 8. O-O Bg7 9. h3 O-O 10. d4 Bf5 11. a3 Rc8 12. Be3 Na5 13. Rc1 a6 14. Be2 Nxe3 15. fxe3 Nc4 16. Bxc4 Rxc4 17. Qe2 b5 18. Kh1 Qa8 19. e4 Be6 20. d5 Bd7 21. e5 Bf5 22. b3 Rc7 23. Nd4 Bd7 24. Qe3 Rfc8 25. Rxf7 Kxf7 26. e6+ Kg8 27. exd7 Rd8 28. Ne6 Rcxd7 29. Nxd8 Qxd8 30. Qe6+ Kh8 31. Qxa6 Rc7 32. Ne2 Rxc1+ 33. Nxc1 Qxd5 34. Qc8+ Qg8 35. Qd7 Bb2 36. Nd3 Bxa3 37. Qxb5 Bd6 38. Ne5 Qe6 39. Nf3 Qe4 40. Qf1 Qf4 41. Qc4 Qg3 42. Qf7 h5 43. Qf8+ Kh7 44. h4 Bf4 45. Qxe7+ Kh6 46. b4 Bd6 47. Qf6 Kh7 48. Ng5+ 1-0